000 00788nam a2200205Ia 4500
008 191130s1999##################000#0#eng##
020 _a9780684813257
022 _a99037377
040 _aACL
_cACL
082 _a641.5945 KAS
100 _aKasper, Lynne Rossetto
245 _aThe Italian country table : home cooking from Italy's farmhouse kitchens
_cLynne Rossetto Kasper ; color photographs by Dana Gallagher ; design by Stephanie Tevonian ; black-and-white photographs by Lynne Rossetto Kasper
260 _aNew York
_bScribner
_c1999
300 _a416 p. : ill. (some col.) ; 25 cm
500 _aIncludes bibliographical references (p. [401]-402) and index
650 _aCooking, Italian
990 _a73648acfac10000c478ce6f220a3b601
991 _a315092
999 _c54724
_d54724